000 00858nam a2200277 a 4500
001 000011067
003 DO-SdBNP
005 20220217094625.0
007 000011067
008 091014s2006 dr 000 p spa d
020 _z99945427032
040 _aBPMSU
_bspa
_cBPMSU
082 _aRD861.44
_bR621e 2006
_222
100 1 _aRivera, Héctor,
_d1957-
245 1 4 _aLos emigrantes del siglo :
_bobra poética /
_cHéctor Rivera.
260 0 _aSanto Domingo :
_bSecretaría de Estado de Cultura,
_c2006.
300 _a235 p. ;
_c24 cm.
490 0 _aUltramar
500 _aIncluye datos biográficos del autor en la solapa de la cubierta.
590 _6 Inventariado, 2022/VM
650 4 _aPoesía dominicana
650 4 _aLiteratura dominicana
830 0 _aUltramar
910 _aVMateo V./ Validado. Control de calidad MFF
942 _2ddc
_cBK
999 _c8212
_d8212